| 000 | 01049cam a22002653a 4500 | ||
|---|---|---|---|
| 001 | 4678 | ||
| 003 | PGUSA | ||
| 005 | 20140828083103.0 | ||
| 008 | 031101s2003||||xxu|||||s|||||000 p eng d | ||
| 040 |
_aPGUSA _beng |
||
| 042 | _adc | ||
| 050 | 4 | _aPR | |
| 100 | 1 |
_aJohnson, Samuel, _d1709-1784 |
|
| 245 | 1 | 0 |
_aJohnson's Lives of the Poets — Volume 2 _h[electronic resource] / _cSamuel Johnson |
| 260 |
_bProject Gutenberg, _c2003 |
||
| 505 | 0 | _aKing -- Halifax -- Parnell -- Garth -- Rowe -- Gay -- Tickell -- Somervile -- Thomson -- Watts -- A. Philips -- West -- Collins -- Dyer -- Shenstone -- Young -- Mallet -- Akenside -- Gray -- Lyttelton. | |
| 506 | _aPublic domain in the USA. | ||
| 516 | _aElectronic text | ||
| 653 | _aEnglish poetry -- Early modern, 1500-1700 -- History and criticism | ||
| 653 | _aPoets, English -- Biography -- Early works to 1800 | ||
| 653 | _aEnglish poetry -- 18th century -- History and criticism | ||
| 830 | 0 |
_aProject Gutenberg _v4678 |
|
| 856 | 4 | 0 | _uhttp://www.gutenberg.org/ebooks/4678 |
| 942 | _cEB | ||
| 999 |
_c234007 _d234007 |
||